ESL Role Plays. 50 engaging role plays for ESL and EFL classes
Zapisane w:
| 1. autor: | |
|---|---|
| Format: | Nieznany |
| Język: | angielski |
| Wydane: |
North Charleston, SC., USA.
ECQ Publishing,
2016
|
| Wydanie: | First edition |
| Hasła przedmiotowe: | |
| Etykiety: |
Dodaj etykietę
Nie ma etykietki, Dołącz pierwszą etykiete!
|
MARC
| LEADER | 00000 a2200000 4500 | ||
|---|---|---|---|
| 003 | CL-VaPUC | ||
| 005 | 20210929095327.0 | ||
| 008 | 210225b ||||| |||| 00| 0 eng d | ||
| 999 | |c 432424 |d 432422 | ||
| 020 | |a 9781942116073 | ||
| 040 | |c Pontificia Universidad Católica de Valparaíso | ||
| 082 | |a 428.0071 PIT 2016 | ||
| 100 | |a Pitts, Larry |9 859111 | ||
| 245 | |a ESL Role Plays. |b 50 engaging role plays for ESL and EFL classes | ||
| 250 | |a First edition | ||
| 260 | |a North Charleston, SC., USA. |b ECQ Publishing, |c 2016 | ||
| 300 | |a 157 páginas | ||
| 583 | |k Cristina Rojas |c 20210225 | ||
| 650 | |a Lengua inglesa |x Estudio y enseñanza |x Hablantes extranjeros |9 859623 | ||
| 650 | |a Leer |9 859624 | ||
| 852 | |a BIBCUR | ||
| 942 | |2 ddc |c BK | ||
| 952 | |0 0 |1 0 |2 ddc |4 0 |6 428_007100000000000_PIT_2016 |7 0 |8 A |9 577555 |a BIBEDU |b BIBEDU |d 2021-02-25 |e 74 |g 14270.00 |i 5582628 |o 428.0071 PIT 2016 |p 5582628 |r 2021-02-25 |t 1 |v 14270.00 |w 2021-02-25 |y BK |k LIT | ||
| 952 | |0 0 |1 0 |2 ddc |4 0 |6 428_007100000000000_PIT_2016 |7 0 |8 A |9 577556 |a BIBEDU |b BIBEDU |d 2021-02-25 |e 74 |g 14270.00 |i 5582636 |o 428.0071 PIT 2016 |p 5582636 |r 2021-02-25 |t 2 |v 14270.00 |w 2021-02-25 |y BK |k LIT | ||
| 952 | |0 0 |1 0 |2 ddc |4 0 |6 428_007100000000000_PIT_2016 |7 0 |8 A |9 577559 |a BIBEDU |b BIBEDU |d 2021-02-25 |e 74 |g 14295.00 |i 5582652 |o 428.0071 PIT 2016 |p 5582652 |r 2021-02-25 |t 3 |v 14295.00 |w 2021-02-25 |y BK |k LIT | ||
| 952 | |0 0 |1 0 |2 ddc |4 0 |6 428_007100000000000_PIT_2016 |7 0 |8 A |9 578263 |a BIBEDU |b BIBEDU |d 2021-06-23 |i 5585678 |o 428.0071 PIT 2016 |p 5585678 |r 2021-06-23 |t 4 |w 2021-06-23 |y BK |k LIT | ||